000 03108nam0a2200421 4500
001 RU\NLR\BIBL_A\011341593
005 20250626045623.0
020 _aRU
_b306(2)
_9Сводный каталог листовок первых лет Советской власти (25 октября (7 ноября) 1917 - 1925) Т.1. Листовки высших органов государственной власти и управления, центральных партийных, профсоюзных, комсомольских и других организаций. Ч.1.-2
035 _a(NLR Aleph) 011341593
090 _a11196152
_c11196152
100 _a20170309d1918 |||y0rusy50 ca
101 0 _arus
102 _aRU
105 _ay z 000zy
135 _acrgn 008apada
200 1 _aВолга должна быть свободной
_e[листовка
_fКомиссии, Комитеты ВЦИК, Издательство ВЦИК]
210 _a[Тверь
_cТип. Блинова
_d1918]
215 _a1 с.
_d21x14
300 _aВ конце листовки: Твер. губернский исполнительный комитет Совета рабоч., крестьянских и красноарм. деп.; Крестьянский отдел при Губ. Совете рабоч., крестьянских и красноармейских депут.
325 1 _aКопия доступна в Электронной библиотеке РНБ
327 1 _aО мобилизации сил для разгрома чехословацкого мятежа
540 1 _aО мобилизации сил для разгрома чехословацкого мятежа
607 _aРСФСР
_jЛистовки
_xПолитика и управление
_y1917 - 1925
_92312782
_3RU\NLR\auth\6601609564
686 0 _aТ3(2)71-313,011
686 1 _aЦ35(2)712,011
712 0 1 _4570
_aРСФСР
_bЦентральный исполнительный комитет
_bИздательство
_9552262
_3RU\NLR\AUTH\880444133
712 0 2 _aТверской губернский Совет рабочих, крестьянских и красноармейских депутатов
_bИсполнительный комитет
_9552315
_3RU\NLR\AUTH\880444163
712 0 2 _4570
_aТверской губернский Совет рабочих, крестьянских и красноармейских депутатов
_bИсполнительный комитет
_bКрестьянский отдел
_9552319
_3RU\NLR\AUTH\880444165
852 0 0 _aNLR
_bФЛ
_j15/162
942 _cBOOK
980 _aNB
981 2 1 _a(21) Листовки
_b(21) Листовки 1918 года
981 2 2 _a(22) Материалы по истории России
_b(22) История России с 25 октября (7 ноября) 1917 года